000 00990nam a22002657a 4500
001 58772
003 UA-OsUOA
005 20231215104654.0
007 ta
008 20090224b un ||||| |||| 00| 0 ukr d
020 _a9789660244078
040 _aUA-OsUOA
_brus
_cUA-OsUOA
_dUA-OsUOA
041 _arus
080 _a94(477).02
090 _a94(477).02
_bВ44
100 _aВилкул Т.
110 _aНаціональна академія наук України
_bІнститут історії України
_bЦентр досліджень історії Київської Русі
245 _a"Людье" и князь в конструкциях летописцев ХІ–ХІІІ вв.
_cТатьяна Вилкул ; отв. ред. О. Толочко
260 _aК.
_c2007
_bІІУ
300 _a387 с.
650 7 _a9 Географія. Біографії. Історія
_2UDC
700 1 _aТолочко О.
_eред.
942 _cBK
_2udc
955 _a1
999 _c344803
_d344803